JetPunk will be down very briefly at 3:00PM EST (12:00PM PST, 8:00PM GST)

Statistics for Barcelona vs Manchester United - UEFA Champions League final 2009 squads

Click here to take the quiz!

General Stats

  • This quiz has been taken 1,743 times
  • The average score is 23 of 38

Answer Stats

HintAnswer% Correct
Lionel Messi
98%
Andrés Iniesta
94%
Xavi
94%
Wayne Rooney
93%
Víctor Valdés
93%
Carles Puyol
92%
Gerard Piqué
92%
Edwin van der Sar
90%
Rio Ferdinand
89%
Cristiano Ronaldo
86%
Alex Ferguson
85%
Paul Scholes
85%
Nemanja Vidić
84%
Pep Guardiola
82%
Samuel Eto'o
79%
Sergio Busquets
79%
Ryan Giggs
79%
Patrice Evra
78%
Thierry Henry
73%
Michael Carrick
70%
Pedro
60%
Carlos Tevez
56%
Nani
54%
Dimitar Berbatov
49%
José Pinto
48%
Anderson
46%
John O'shea
44%
Park Ji-Sung
42%
Yaya Touré
42%
Rafael
41%
Bojan Krkić
31%
Sylvinho
22%
Tomasz Kuszczak
21%
Seydou Keita
19%
Jonny Evans
19%
Eiður Guðjohnsen
8%
Martín Cáceres
5%
Marc Muniesa
4%

Score Distribution

Percentile by Number Answered

Percent of People with Each Score

Your Score History

You have not taken this quiz